00452nam a2200157Ia 4500008004100000020001800041041001200059082002000071100002000091245006000111250001200171260004000183300001600223440003800239500001700277231221s9999 xx 000 0 und d a9780000000000 aEnglish a394.2 GOL;1 R aGoldblatt, Joe. 0aSpecial events : a new generation and the next frontier a6th ed. c2011bJohn Wiley & SonsaNew Jersey axxv, 550 p. aThe Wiley event management series aMissing 2020